000 00708nam a22002297a 4500
005 20170124110143.0
010 _aB-031436
020 _c1000.00
_a817005040
035 _aB-031436
037 _bCen Lib/Ret
040 _aDPL
_bEN
082 _a020.3
_bGAR
100 _aGarrkoti, G.K.
_932847
245 _aConcise encyclopaedia of library information technology /
_cby G.K. Garrkoti
260 _aNew Delhi
_bEss Ess Publications
_c2001
270 _a4837/24, Ansari Road Darya Ganj
_bNew Delhi
_e110002
300 _a504p.
_c21cm(Hb)
500 _aIncludes index
650 _aLibrary Science
_992315
650 _aInformation technology
_992316
942 _2ddc
_cEN
_h020.3
_mGAR
999 _c131805
_d131805